LEADER 01026nam0-2200349---450- 001 990009598540403321 005 20130730144851.0 010 $a978-88-568-3205-1 035 $a000959854 035 $aFED01000959854 035 $a(Aleph)000959854FED01 035 $a000959854 100 $a20120628d2010----km-y0itay50------ba 101 0 $aita 102 $aIT 105 $ay-------001yy 200 1 $aA Milano nell'Ottocento$eil lavorio scientifico e il giornalismo di Carlo Cattaneo$fClelia Pighetti 210 $aMilano$cFrancoAngeli$d2010 215 $a124 p.$d23 cm 225 1 $aVarie$v1296 610 0 $aCattaneo, Carlo <1801-1869>$aAttivitą giornalistica 676 $a507.045$v22$zita 700 1$aPighetti,$bClelia$0158825 801 0$aIT$bUNINA$gREICAT$2UNIMARC 901 $aBK 912 $a990009598540403321 952 $aSE122.03.21$b7776$fDECSE 952 $aCollez. 2173 (1296)$b48647$fFSPBC 959 $aFSPBC 959 $aDECSE 996 $aA Milano nell'Ottocento$9248159 997 $aUNINA LEADER 01010nam0-2200325---450- 001 990009291620403321 005 20101206122530.0 010 $a978-88-13-30520-8 035 $a000929162 035 $aFED01000929162 035 $a(Aleph)000929162FED01 035 $a000929162 100 $a20101203d2010----km-y0itay50------ba 101 0 $aita 102 $aIT 105 $ay---n---001yy 200 1 $aCommentario breve al codice di procedura penale$ecomplemento giurisprudenziale$eAppendice di aggiornamento 2010$fGiovanni Conso, Vittorio Grevi$ga cura di Vittorio Grevi 205 $a6. ed. 210 $aPadova$cCedam$d2010 215 $aXXIII, 518 p.$d24 cm 225 1 $aBreviaria iuris$v6 700 1$aConso,$bGiovanni$0149594 701 1$aGrevi,$bVittorio$0222797 801 0$aIT$bUNINA$gREICAT$2UNIMARC 901 $aBK 912 $a990009291620403321 952 $a2-203$b5000$fDSPCP 959 $aDSPCP 996 $aCommentario breve al codice di procedura penale$9579721 997 $aUNINA LEADER 01971nam 2200565 a 450 001 9910462981803321 005 20200520144314.0 010 $a0-8132-1824-1 035 $a(CKB)2670000000319320 035 $a(EBL)3135053 035 $a(OCoLC)922996922 035 $a(SSID)ssj0000803031 035 $a(PQKBManifestationID)11488876 035 $a(PQKBTitleCode)TC0000803031 035 $a(PQKBWorkID)10797487 035 $a(PQKB)11095691 035 $a(MiAaPQ)EBC3135053 035 $a(OCoLC)820720019 035 $a(MdBmJHUP)muse24271 035 $a(Au-PeEL)EBL3135053 035 $a(CaPaEBR)ebr10642519 035 $a(EXLCZ)992670000000319320 100 $a19950222d1996 uy 0 101 0 $aeng 135 $aur|n|---||||| 181 $ctxt 182 $cc 183 $acr 200 10$aAt the limits of political philosophy$b[electronic resource] $efrom "brilliant errors" to things of uncommon importance /$fJames V. Schall 210 $aWashington, D.C. $cCatholic University of America Press$dc1996 215 $a1 online resource (277 p.) 300 $aDescription based upon print version of record. 311 $a0-8132-0922-6 311 $a0-8132-0832-7 320 $aIncludes bibliographical references (p. 251-264) and indexes. 327 $apt. 1. The stages of political philosophy -- pt. 2. The grounds of political realism -- pt. 3. At the limits of political philosophy -- pt. 4. Political philosophy and the things of uncommon importance. 606 $aPolitical science$xPhilosophy 606 $aChristianity and politics 608 $aElectronic books. 615 0$aPolitical science$xPhilosophy. 615 0$aChristianity and politics. 676 $a320/.01 700 $aSchall$b James V$0856971 801 0$bMiAaPQ 801 1$bMiAaPQ 801 2$bMiAaPQ 906 $aBOOK 912 $a9910462981803321 996 $aAt the limits of political philosophy$92443786 997 $aUNINA